[Event "21st Panam-ch"]
[Site "Mar del Plata ARG"]
[Date "2012.10.17"]
[Round "7.96"]
[White "Morales, Guillermo"]
[Black "Romero Kries, Mario Andres"]
[Result "1-0"]
[WhiteElo "1779"]
[BlackElo "1645"]
[EventDate "2012.10.12"]
[PlyCount "107"]

1.d4 d5 2.Nf3 e6 3.e3 Nf6 4.Bd3 c6 5.O-O Be7 6.Nbd2 Nbd7 7.Re1 O-O 8.c3 c5
9.e4 c4 10.Bc2 h6 11.e5 Nh7 12.Nf1 f5 13.exf6 Ndxf6 14.Ne5 Bd6 15.Bf4 Ne4 
16.Bg3 Nxg3 17.Nxg3 Qf6 18.Qd2 Ng5 19.Nh5 Qd8 20.Qe2 Qc7 21.f4 Bxe5 22.
fxe5 Bd7 23.Qg4 Rf7 24.h4 Ne4 25.Bxe4 dxe4 26.Nf6+ Kf8 27.Nxd7+ Qxd7 28.
Qxe4 Kg8 29.Rf1 Raf8 30.Qe2 b5 31.Rxf7 Rxf7 32.Rf1 Re7 33.Qe4 Qc7 34.Qa8+ 
Kh7 35.Rf8 Rf7 36.Qe4+ g6 37.Rxf7+ Qxf7 38.h5 Kg7 39.Qxg6+ Qxg6 40.hxg6 
Kxg6 41.Kf2 Kf5 42.Kf3 h5 43.a3 a6 44.g3 a5 45.Ke3 a4 46.Kf3 Kg5 47.Ke4 
Kg4 48.d5 exd5+ 49.Kxd5 Kxg3 50.e6 h4 51.e7 h3 52.e8=Q h2 53.Qh5 Kg2 54.
Kc5 1-0

[Event "21st Panam-ch"]
[Site "Mar del Plata ARG"]
[Date "2012.10.17"]
[Round "7.97"]
[White "Desanzo, Juan Carlos"]
[Black "Bigoria Escobedo, Luis"]
[Result "1-0"]
[WhiteElo "1604"]
[BlackElo "1716"]
[EventDate "2012.10.12"]
[PlyCount "31"]

1.d4 b6 2.e4 Bb7 3.Nc3 e6 4.Nf3 Bb4 5.Bd3 Nf6 6.Bg5 h6 7.Bxf6 Qxf6 8.O-O 
O-O 9.Ne2 Qe7 10.a3 Bd6 11.e5 Bxf3 12.exd6 Qg5 13.g3 Bxe2 14.Qxe2 cxd6 15.
Qe4 Nc6 16.Qh7# 1-0

[Event "21st Panam-ch"]
[Site "Mar del Plata ARG"]
[Date "2012.10.18"]
[Round "8.1"]
[White "Leitao, Rafael"]
[Black "Bruzon Batista, Lazaro"]
[Result "1/2-1/2"]
[WhiteElo "2617"]
[BlackElo "2717"]
[EventDate "2012.10.12"]
[PlyCount "21"]

1.d4 Nf6 2.c4 g6 3.Nf3 Bg7 4.g3 c5 5.d5 O-O 6.Nc3 d6 7.Bg2 e6 8.O-O exd5 
9.cxd5 Nbd7 10.Bf4 Qe7 11.h3 1/2-1/2

[Event "21st Panam-ch"]
[Site "Mar del Plata ARG"]
[Date "2012.10.18"]
[Round "8.2"]
[White "Ortiz Suarez, Isan Reynaldo"]
[Black "Iturrizaga, Eduardo"]
[Result "1/2-1/2"]
[WhiteElo "2579"]
[BlackElo "2639"]
[EventDate "2012.10.12"]
[PlyCount "29"]

1.Nf3 c5 2.c4 g6 3.e3 Bg7 4.d4 Nf6 5.Nc3 O-O 6.Be2 cxd4 7.Nxd4 Nc6 8.O-O 
d6 9.b3 Bd7 10.Bb2 a6 11.Nd5 Nxd5 12.cxd5 Nxd4 13.Bxd4 Bxd4 14.Qxd4 Qa5 
15.Rfc1 1/2-1/2

[Event "21st Panam-ch"]
[Site "Mar del Plata ARG"]
[Date "2012.10.18"]
[Round "8.5"]
[White "Kaidanov, Gregory"]
[Black "Perez Ponsa, Federico"]
[Result "1-0"]
[WhiteElo "2587"]
[BlackElo "2489"]
[EventDate "2012.10.12"]
[PlyCount "87"]

1.e4 c5 2.c3 d5 3.exd5 Qxd5 4.d4 Nf6 5.Nf3 Bg4 6.Be2 e6 7.O-O Nc6 8.h3 Bh5
9.Be3 cxd4 10.cxd4 Be7 11.Nc3 Qd6 12.Qb3 O-O 13.Rfd1 Rfd8 14.a3 a6 15.Rac1
Na5 16.Qa2 b5 17.g4 Bg6 18.Ne5 Rac8 19.b4 Nc4 20.Nxc4 bxc4 21.Bxc4 Ne4 22.
Nxe4 Bxe4 23.Qe2 Bb7 24.Bb3 h6 25.Rxc8 Rxc8 26.d5 Qe5 27.dxe6 fxe6 28.Qd3 
Rc3 29.Qd4 Qxd4 30.Bxe6+ Kf8 31.Rxd4 Rxa3 32.Kf1 Bg5 33.Ke2 Bxe3 34.fxe3 
Bc6 35.Bc4 Ra4 36.Rf4+ Ke8 37.Kd2 Ra3 38.Rf5 Ra4 39.Kc3 Ra3+ 40.Kd4 Ra4 
41.Kc5 Bd7 42.Rf7 Ra3 43.Rxg7 Rxe3 44.Kd6 1-0

[Event "21st Panam-ch"]
[Site "Mar del Plata ARG"]
[Date "2012.10.18"]
[Round "8.6"]
[White "Hungaski, Robert"]
[Black "Mareco, Sandro"]
[Result "1/2-1/2"]
[WhiteElo "2451"]
[BlackElo "2581"]
[EventDate "2012.10.12"]
[PlyCount "100"]

1.Nf3 Nf6 2.c4 e6 3.g3 d5 4.d4 dxc4 5.Qa4+ Nbd7 6.Bg2 a6 7.Nc3 Be7 8.Qxc4 
b5 9.Qd3 Bb7 10.O-O O-O 11.Bg5 c5 12.dxc5 Nxc5 13.Qxd8 Rfxd8 14.Rfd1 h6 
15.Be3 b4 16.Bxc5 Bxc5 17.Na4 Ba7 18.Nd2 Bxf2+ 19.Kxf2 Ng4+ 20.Kg1 Bxg2 
21.Kxg2 Ne3+ 22.Kf2 Nxd1+ 23.Rxd1 Rac8 24.Ke1 e5 25.Nb3 Rxd1+ 26.Kxd1 f5 
27.Nbc5 a5 28.Nd3 e4 29.Ne5 g5 30.e3 Kg7 31.b3 h5 32.Nb6 Rc5 33.Nbc4 h4 
34.gxh4 gxh4 35.Ke2 Rc7 36.Kf2 Kf6 37.Kg2 Kg5 38.Kh3 f4 39.exf4+ Kxf4 40.
Ng6+ Kg5 41.Nge5 Kf4 42.Ng6+ Kg5 43.Nge5 Rc5 44.Kg2 Kf5 45.Nd7 Rc7 46.Ndb6
Rg7+ 47.Kf2 Kg4 48.Kg2 Kf4+ 49.Kf2 Kg4 50.Kg2 Kf4+ 1/2-1/2

[Event "21st Panam-ch"]
[Site "Mar del Plata ARG"]
[Date "2012.10.18"]
[Round "8.7"]
[White "Bacallao Alonso, Yusnel"]
[Black "Cori Tello, Deysi"]
[Result "1-0"]
[WhiteElo "2580"]
[BlackElo "2411"]
[EventDate "2012.10.12"]
[PlyCount "73"]

1.Nf3 e6 2.b3 Nf6 3.Bb2 Be7 4.e3 O-O 5.c4 b6 6.d4 Bb7 7.Bd3 d6 8.Nbd2 Nbd7
9.O-O Re8 10.e4 e5 11.d5 a5 12.a3 c5 13.Nb1 Bf8 14.Nc3 g6 15.Bc1 Nh5 16.g3
Bg7 17.Ra2 Nf8 18.Nh4 Nf4 19.Bb1 Bc8 20.Nb5 Bh3 21.Re1 h6 22.Qf3 Nh7 23.
gxf4 Qxh4 24.Nxd6 exf4 25.Qxf4 Qh5 26.Bb2 Ng5 27.Bxg7 Bg4 28.Re3 Bf3 29.
Qg3 Kxg7 30.h4 Re7 31.e5 Rd8 32.Rd2 Kg8 33.Rdd3 Be2 34.hxg5 Bxd3 35.Bxd3 
hxg5 36.Ne4 Kg7 37.Be2 1-0

[Event "21st Panam-ch"]
[Site "Mar del Plata ARG"]
[Date "2012.10.18"]
[Round "8.8"]
[White "Molina, Roberto Junio Brito"]
[Black "Felgaer, Ruben"]
[Result "0-1"]
[WhiteElo "2400"]
[BlackElo "2579"]
[EventDate "2012.10.12"]
[PlyCount "106"]

1.d4 c5 2.d5 g6 3.e4 Bg7 4.Nf3 d6 5.c4 e6 6.Nc3 Ne7 7.Bd3 O-O 8.O-O h6 9.
Bd2 a6 10.a3 exd5 11.exd5 Bf5 12.Bxf5 Nxf5 13.Re1 Nd7 14.Qc2 Ne5 15.Nxe5 
Bxe5 16.Qd3 Qh4 17.g3 Qd4 18.Qxd4 Nxd4 19.Red1 b5 20.Bxh6 Rfb8 21.cxb5 
Nxb5 22.Na4 Nd4 23.Kg2 Rb5 24.Rac1 Rab8 25.Rc4 Rb3 26.h4 Nf5 27.Bc1 Bd4 
28.Re1 Rd3 29.Nc3 Bxc3 30.Rxc3 Rxd5 31.g4 Nxh4+ 32.Kg3 g5 33.Bxg5 Ng2 34.
Re2 Rxg5 35.b3 d5 36.Kxg2 Rxg4+ 37.Kf3 Rg6 38.Rxc5 Rxb3+ 39.Re3 Rf6+ 40.
Kg3 Rg6+ 41.Kf3 Rf6+ 42.Kg3 Rb2 43.Rxd5 Rbxf2 44.Ra5 Rf1 45.Kg2 R1f5 46.
Rxf5 Rxf5 47.Kg3 Ra5 48.Kf4 Kg7 49.Ke4 f5+ 50.Kd4 Kf6 51.Kc4 f4 52.Rh3 Kg5
53.Kb4 Rf5 0-1

[Event "21st Panam-ch"]
[Site "Mar del Plata ARG"]
[Date "2012.10.18"]
[Round "8.9"]
[White "Matamoros Franco, Carlos"]
[Black "Tristan, Leonardo"]
[Result "1/2-1/2"]
[WhiteElo "2534"]
[BlackElo "2442"]
[EventDate "2012.10.12"]
[PlyCount "117"]

1.Nf3 Nf6 2.c4 e6 3.g3 d5 4.Bg2 dxc4 5.Qa4+ Nbd7 6.Qxc4 c5 7.d3 Bd6 8.a4 
Rb8 9.Nc3 a6 10.a5 O-O 11.O-O b5 12.axb6 Rxb6 13.Nd2 Rb4 14.Qa2 Nb6 15.
Nde4 Be7 16.Be3 Nxe4 17.Nxe4 c4 18.Rfd1 cxd3 19.Rxd3 Qe8 20.Rc1 Nd5 21.Bc5
Rb5 22.Qa3 Bxc5 23.Nxc5 Qe7 24.Bxd5 exd5 25.Nb3 Qb7 26.Na5 Qa8 27.Nc6 Bg4 
28.Nd4 Rb6 29.b3 Re8 30.Rc2 h5 31.Qc1 Qd8 32.Re3 Rxe3 33.Qxe3 Qf6 34.h4 
Rb4 35.Rd2 Qb6 36.Qe5 Qc5 37.Kg2 Qc1 38.Qe8+ Kh7 39.Qe3 a5 40.Qd3+ g6 41.
Rd1 Qb2 42.Qe3 Rb7 43.Rc1 Qa3 44.Qc3 Qb4 45.e3 a4 46.bxa4 Qxa4 47.Ra1 Qe8 
48.Kh2 Qc8 49.Qxc8 Bxc8 50.Ra5 Be6 51.Ra6 Re7 52.Rd6 Kg7 53.Ne2 Kf6 54.Nf4
Rb7 55.Ra6 Rb2 56.Kg2 Rd2 57.Kf1 d4 58.exd4 Rxd4 59.Nxe6 1/2-1/2

[Event "21st Panam-ch"]
[Site "Mar del Plata ARG"]
[Date "2012.10.18"]
[Round "8.10"]
[White "Pichot, Alan"]
[Black "Hernandez Guerrero, Gilberto"]
[Result "0-1"]
[WhiteElo "2300"]
[BlackElo "2531"]
[EventDate "2012.10.12"]
[PlyCount "80"]

1.e4 c5 2.Nf3 Nc6 3.d4 cxd4 4.Nxd4 Nf6 5.Nc3 d6 6.Bc4 e6 7.Be3 Be7 8.Qe2 
a6 9.O-O-O Qc7 10.g4 Nxd4 11.Bxd4 e5 12.Be3 Bxg4 13.f3 Be6 14.Bxe6 fxe6 
15.Rhg1 O-O 16.Qg2 Rf7 17.f4 exf4 18.Bxf4 Rc8 19.Rd3 b5 20.a3 Qc6 21.Qh3 
e5 22.Bg5 Nxe4 23.Bxe7 Nf2 24.Qh4 Nxd3+ 25.cxd3 a5 26.Kb1 d5 27.Rc1 Qe6 
28.Bg5 b4 29.axb4 axb4 30.Na4 h6 31.Bd2 Rxc1+ 32.Bxc1 e4 33.Nc5 Qd6 34.d4 
Rf1 35.Qh3 Qf6 36.Qc8+ Kh7 37.Ne6 b3 38.Nc5 e3 39.Nxb3 e2 40.Qc2+ Qg6 0-1

[Event "21st Panam-ch"]
[Site "Mar del Plata ARG"]
[Date "2012.??.18"]
[Round "8.13"]
[White "Kanefsck, Gustavo"]
[Black "Mekhitarian, Krikor Sevag"]
[Result "0-1"]
[WhiteElo "2358"]
[BlackElo "2503"]
[EventDate "2012.10.12"]
[PlyCount "80"]

1.d4 Nf6 2.Nf3 e6 3.e3 c5 4.Bd3 d5 5.b3 Nc6 6.O-O Be7 7.Bb2 O-O 8.a3 b6 9.
Nbd2 Bb7 10.Qe2 Re8 11.Ne5 cxd4 12.exd4 Nxe5 13.dxe5 Nd7 14.b4 a5 15.Qg4 
f5 16.Qd4 Nb8 17.Bb5 Bc6 18.Bd3 Bb7 19.Bb5 Nc6 20.Bxc6 Bxc6 21.Bc3 Qc7 22.
Qe3 Bb5 23.Rfb1 Ba4 24.Bd4 axb4 25.Bxb6 Qc6 26.axb4 Bxc2 27.b5 Qd7 28.Rxa8
Rxa8 29.Rc1 Qxb5 30.Bd4 Ra3 31.Qe1 Qa4 32.Nf3 Be4 33.Rc8+ Kf7 34.Bb2 Ra2 
35.Rb8 h6 36.h3 Bxf3 37.gxf3 Qc2 38.Bd4 Qd3 39.Be3 d4 40.Bf4 Qxf3 0-1

[Event "21st Panam-ch"]
[Site "Mar del Plata ARG"]
[Date "2012.??.18"]
[Round "8.14"]
[White "Toth, Christian Endre"]
[Black "Valerga, Diego"]
[Result "1/2-1/2"]
[WhiteElo "2357"]
[BlackElo "2485"]
[EventDate "2012.10.12"]
[PlyCount "58"]

1.d4 d5 2.c4 e6 3.Nf3 Nf6 4.g3 dxc4 5.Bg2 Nc6 6.Qa4 Nd7 7.Qxc4 Nb6 8.Qc2 
Bb4+ 9.Nbd2 Nxd4 10.Nxd4 Qxd4 11.O-O O-O 12.a3 Bxd2 13.Bxd2 c6 14.Rac1 Re8
15.Rfd1 Qa4 16.b3 Qxa3 17.Be3 Qe7 18.Bc5 Qf6 19.Ra1 Nd7 20.Bxa7 e5 21.b4 
Nf8 22.b5 Bf5 23.Qc3 Bd7 24.Bc5 Rxa1 25.Qxa1 Qe6 26.Qa7 Qb3 27.Qa1 Qe6 28.
Qa7 Qb3 29.Qa1 Qe6 1/2-1/2

[Event "21st Panam-ch"]
[Site "Mar del Plata ARG"]
[Date "2012.??.18"]
[Round "8.15"]
[White "Real De Azua, Ernesto"]
[Black "Reis, Renan do Carmo"]
[Result "1/2-1/2"]
[WhiteElo "2482"]
[BlackElo "2306"]
[EventDate "2012.10.12"]
[PlyCount "76"]

1.d4 f5 2.Nf3 Nf6 3.g3 g6 4.Bg2 Bg7 5.O-O O-O 6.b3 d6 7.Bb2 e6 8.c4 Nc6 9.
Nc3 Qe7 10.Qc2 e5 11.dxe5 dxe5 12.Nd5 Nxd5 13.cxd5 Nb8 14.e4 f4 15.gxf4 
Rxf4 16.Ne1 Na6 17.Nd3 Rh4 18.Rae1 Bd7 19.Qc4 Kh8 20.b4 b5 21.Qc3 Rh5 22.
Re3 Rf8 23.f4 exf4 24.Qxg7+ Qxg7 25.Bxg7+ Kxg7 26.Rxf4 Re8 27.Ref3 Re7 28.
Rf6 Nb8 29.Rf8 Be8 30.Nc5 Nd7 31.Rxe8 Rxe8 32.Nxd7 Rxe4 33.Nc5 Rxb4 34.
Ne6+ Kh6 35.Nxc7 Rb1+ 36.Rf1 Rb2 37.Rf2 Rb1+ 38.Rf1 Rb2 1/2-1/2

[Event "21st Panam-ch"]
[Site "Mar del Plata ARG"]
[Date "2012.??.18"]
[Round "8.16"]
[White "Slipak, Sergio"]
[Black "Supi, Luis Paulo"]
[Result "1/2-1/2"]
[WhiteElo "2447"]
[BlackElo "2287"]
[EventDate "2012.10.12"]
[PlyCount "39"]

1.d4 Nf6 2.Nf3 g6 3.g3 Bg7 4.Bg2 O-O 5.O-O d6 6.a4 a5 7.Nc3 Nc6 8.d5 Nb4 
9.Nd4 Bd7 10.h3 c6 11.dxc6 bxc6 12.e4 Rb8 13.Be3 e5 14.Nde2 Be6 15.f4 exf4
16.gxf4 Bc4 17.Rf2 Re8 18.Qd2 d5 19.e5 Nd7 20.b3 1/2-1/2

[Event "21st Panam-ch"]
[Site "Mar del Plata ARG"]
[Date "2012.??.18"]
[Round "8.17"]
[White "Roselli Mailhe, Bernardo"]
[Black "Espinoza Palomino, Willyam"]
[Result "1-0"]
[WhiteElo "2430"]
[BlackElo "2265"]
[EventDate "2012.10.12"]
[PlyCount "71"]

1.d4 Nf6 2.c4 e6 3.Nc3 Bb4 4.Qc2 Nc6 5.Nf3 d6 6.a3 Bxc3+ 7.Qxc3 a5 8.b3 h6
9.g3 O-O 10.Bg2 Re8 11.O-O e5 12.d5 Ne7 13.Bb2 Ne4 14.Qc2 Nc5 15.b4 Bf5 
16.Qd1 axb4 17.axb4 Rxa1 18.Bxa1 Na6 19.Nh4 Bd7 20.Qd2 Nf5 21.Nxf5 Bxf5 
22.Rc1 Qe7 23.Qc3 b6 24.Bb2 Bc8 25.Ra1 Bb7 26.e4 Ra8 27.f4 f6 28.Bh3 exf4 
29.Be6+ Kh8 30.gxf4 c5 31.b5 Nc7 32.Rxa8+ Bxa8 33.Bf5 Qd8 34.Qg3 Qe8 35.e5
dxe5 36.fxe5 1-0

[Event "21st Panam-ch"]
[Site "Mar del Plata ARG"]
[Date "2012.??.18"]
[Round "8.18"]
[White "Soppe, Guillermo"]
[Black "Cuevas, Alex"]
[Result "1-0"]
[WhiteElo "2417"]
[BlackElo "2263"]
[EventDate "2012.10.12"]
[PlyCount "74"]

1.Nf3 Nf6 2.d4 e6 3.Nbd2 c5 4.e3 b6 5.Bd3 Bb7 6.c3 Be7 7.O-O O-O 8.e4 cxd4
9.cxd4 Nc6 10.Re1 Nb4 11.Bb1 Rc8 12.a3 Nc6 13.Nf1 d5 14.e5 Ne4 15.Ng3 Na5 
16.Bd3 f5 17.exf6 Bxf6 18.Rb1 Re8 19.Qe2 Nb3 20.Be3 e5 21.dxe5 Nxg3 22.
hxg3 Bxe5 23.Bxh7+ Kxh7 24.Qd3+ Kg8 25.Qxb3 Qf6 26.Qa4 a6 27.Nxe5 Rxe5 28.
Bd4 Rxe1+ 29.Rxe1 Qd6 30.Qb3 b5 31.Qe3 Qg6 32.Qe7 Qf7 33.Qg5 Rc7 34.b4 Bc8
35.Kh1 Bb7 36.Re5 Rd7 37.Qe3 Qg6 1-0

[Event "21st Panam-ch"]
[Site "Mar del Plata ARG"]
[Date "2012.??.18"]
[Round "8.19"]
[White "Paiva, Pedro Henrique de"]
[Black "Diaz Hollemaert, Nahuel"]
[Result "1-0"]
[WhiteElo "2289"]
[BlackElo "2408"]
[EventDate "2012.10.12"]
[PlyCount "89"]

1.e4 c5 2.Nf3 e6 3.d4 cxd4 4.Nxd4 a6 5.Bd3 Bc5 6.Nb3 Be7 7.c4 Qc7 8.Nc3 d6
9.O-O Nf6 10.Qe2 Nbd7 11.Bg5 h6 12.Bh4 g5 13.Bg3 e5 14.Rac1 h5 15.f3 Nf8 
16.Nd5 Nxd5 17.exd5 b6 18.Rfe1 h4 19.Bf2 Rh6 20.Qd2 Ng6 21.a4 a5 22.Nd4 
Nf4 23.Nb5 Qd8 24.Qc2 Kf8 25.Bf5 Rf6 26.Bxc8 Rxc8 27.Qh7 Ke8 28.Na7 Rc7 
29.Bxb6 Qb8 30.Qh8+ Bf8 31.c5 Rh6 32.Rxe5+ Ne6 33.Bxc7 Qxa7 34.Bb6 Qe7 35.
cxd6 Qb7 36.d7+ Qxd7 37.Qg8 Qd6 38.Rc8+ Kd7 39.Rc6 Qxe5 40.Qxf7+ Be7 41.
Rxe6 Rxe6 42.Qxe6+ Qxe6 43.dxe6+ Kxe6 44.Bxa5 Bf6 45.Bc3 1-0

[Event "21st Panam-ch"]
[Site "Mar del Plata ARG"]
[Date "2012.??.18"]
[Round "8.20"]
[White "Rosito, Jorge"]
[Black "Mellano, Santiago"]
[Result "1/2-1/2"]
[WhiteElo "2387"]
[BlackElo "2242"]
[EventDate "2012.10.12"]
[PlyCount "72"]

1.e4 e6 2.d4 d5 3.e5 c5 4.c3 Qb6 5.Nf3 Nc6 6.Bd3 Nh6 7.O-O cxd4 8.cxd4 Nf5
9.Bxf5 exf5 10.Nc3 Be6 11.Rb1 h6 12.b4 Be7 13.Na4 Qd8 14.Nc5 Rb8 15.Qa4 
O-O 16.Rd1 b5 17.Qc2 Qb6 18.Be3 a5 19.a3 axb4 20.axb4 Ra8 21.Rdc1 Rfc8 22.
Qd3 Rc7 23.h4 Rca7 24.h5 Ra3 25.Qd1 f4 26.Bxf4 Bg4 27.Be3 Bxh5 28.Rb3 Nd8 
29.Rxa3 Rxa3 30.Qc2 Bg6 31.Qb2 Qa7 32.Nd2 Bf5 33.Ndb3 Ra2 34.Qc3 Qa3 35.
Na5 Qxc3 36.Rxc3 Rb2 1/2-1/2

[Event "21st Panam-ch"]
[Site "Mar del Plata ARG"]
[Date "2012.??.18"]
[Round "8.21"]
[White "Julia, Ernesto"]
[Black "Martinez De Negri, Gonzalo"]
[Result "1/2-1/2"]
[WhiteElo "2370"]
[BlackElo "2123"]
[EventDate "2012.10.12"]
[PlyCount "94"]

1.Nf3 Nf6 2.g3 g6 3.Bg2 Bg7 4.O-O O-O 5.c4 d6 6.Nc3 c6 7.d3 Nbd7 8.Rb1 Nb6
9.b4 d5 10.c5 Nbd7 11.d4 Re8 12.b5 e5 13.bxc6 bxc6 14.Qa4 e4 15.Ne1 Nb8 
16.Bf4 Nfd7 17.Nc2 g5 18.Bd6 a5 19.Ne3 Bf8 20.Bxf8 Nxf8 21.Rbe1 Ng6 22.f3 
exf3 23.exf3 Ba6 24.Nexd5 Rf8 25.Nb6 Bxf1 26.Nxa8 Bxg2 27.Kxg2 Na6 28.Nb6 
Nxc5 29.dxc5 Qd2+ 30.Re2 Qxc3 31.Qe4 Rd8 32.Nc4 a4 33.Rc2 Qf6 34.Nd6 Ne5 
35.Re2 Nd7 36.Nf5 a3 37.Rd2 Nxc5 38.Rxd8+ Qxd8 39.Qxc6 Ne6 40.Qc3 h5 41.
Nh6+ Kf8 42.Qh8+ Ke7 43.Nf5+ Kd7 44.Qxh5 Qf6 45.Qg4 Qb2+ 46.Kh3 Qh8+ 47.
Kg2 Qb2+ 1/2-1/2

[Event "21st Panam-ch"]
[Site "Mar del Plata ARG"]
[Date "2012.??.18"]
[Round "8.22"]
[White "Feliciano Ebert, Vanessa"]
[Black "Martinez Romero, Martin"]
[Result "0-1"]
[WhiteElo "2268"]
[BlackElo "2368"]
[EventDate "2012.10.12"]
[PlyCount "66"]

1.d4 d6 2.e4 Nf6 3.f3 c5 4.d5 e6 5.c4 exd5 6.cxd5 g6 7.Nc3 Bg7 8.Bg5 O-O 
9.Qd2 Re8 10.Nge2 Na6 11.Ng3 Nc7 12.Be2 Rb8 13.O-O b5 14.Rae1 b4 15.Nd1 
Nb5 16.Bxb5 Rxb5 17.f4 Qb6 18.Ne3 c4 19.Kh1 c3 20.Qd3 Rc5 21.Nc4 Rxc4 22.
Qxc4 Ba6 23.Qb3 Bxf1 24.Rxf1 Nxe4 25.Nxe4 Rxe4 26.Qc2 Qd4 27.f5 gxf5 28.
bxc3 bxc3 29.Qb1 h6 30.Bc1 Qxd5 31.Qb8+ Kh7 32.Qxa7 Re2 33.Rg1 Bd4 0-1

[Event "21st Panam-ch"]
[Site "Mar del Plata ARG"]
[Date "2012.10.18"]
[Round "8.23"]
[White "De Dovitiis, Alejo"]
[Black "Estrada Nieto, Julian"]
[Result "1-0"]
[WhiteElo "2348"]
[BlackElo "2310"]
[EventDate "2012.10.12"]
[PlyCount "64"]

1.e4 e5 2.Nf3 Nc6 3.Bb5 a6 4.Ba4 Nf6 5.O-O Be7 6.Re1 b5 7.Bb3 d6 8.c3 O-O 
9.d4 Bg4 10.d5 Na5 11.Bc2 c6 12.h3 Bh5 13.b4 Nc4 14.dxc6 Qc8 15.Nbd2 Nxd2 
16.Bxd2 Qxc6 17.a4 Bg6 18.Qe2 bxa4 19.Nh4 Bxe4 20.Bxe4 Qxe4 21.Qxe4 Nxe4 
22.Rxe4 f5 23.Nxf5 Rxf5 24.c4 Rff8 25.Rxa4 Kf7 26.Kf1 Ke6 27.f3 Rfc8 28.
Ke2 Bd8 29.Kd3 Bb6 30.Bc3 g5 31.Ra2 Ra7 32.c5 dxc5 1-0

[Event "21st Panam-ch"]
[Site "Mar del Plata ARG"]
[Date "2012.10.18"]
[Round "8.24"]
[White "Lingua, Alejo"]
[Black "Della Morte, German"]
[Result "0-1"]
[WhiteElo "2232"]
[BlackElo "2346"]
[EventDate "2012.10.12"]
[PlyCount "112"]

1.e4 e5 2.Nf3 Nc6 3.Bb5 a6 4.Ba4 Nf6 5.d3 d6 6.c3 g6 7.Nbd2 Bg7 8.Nf1 O-O 
9.Ng3 b5 10.Bb3 Na5 11.Bc2 c5 12.O-O Nc6 13.h3 d5 14.exd5 Nxd5 15.Ne4 Qb6 
16.Bb3 Nf6 17.Nxf6+ Bxf6 18.Ng5 Bb7 19.Ne4 Be7 20.Bh6 Rfe8 21.Qf3 Nd8 22.
Qg3 Qc7 23.Rae1 c4 24.dxc4 bxc4 25.Bxc4 Qxc4 26.Qxe5 Ne6 27.Nf6+ Bxf6 28.
Qxf6 Qd5 29.f3 Qc5+ 30.Rf2 Qe7 31.Qe5 f6 32.Qa5 Qc5 33.Qxc5 Nxc5 34.Rd1 
Rad8 35.Rfd2 Ne6 36.Be3 Bc6 37.Kf2 Kf7 38.Rxd8 Rxd8 39.Rxd8 Nxd8 40.Bc5 
Bb5 41.Ke3 f5 42.h4 f4+ 43.Kf2 Kf6 44.g3 fxg3+ 45.Kxg3 Kf5 46.Bd4 Nc6 47.
Be3 Ne5 48.b3 Bc6 49.f4 Ng4 50.Bd4 Nf6 51.Bxf6 Kxf6 52.Kf2 Kf5 53.Kg3 h5 
54.c4 Ke4 55.b4 Ke3 56.a3 Bd7 0-1

[Event "21st Panam-ch"]
[Site "Mar del Plata ARG"]
[Date "2012.10.18"]
[Round "8.25"]
[White "Fabian, Gaston"]
[Black "Toniutti, Ezio"]
[Result "0-1"]
[WhiteElo "2344"]
[BlackElo "2162"]
[EventDate "2012.10.12"]
[PlyCount "68"]

1.d4 d5 2.c4 c6 3.Nf3 Nf6 4.e3 a6 5.Nc3 b5 6.c5 Nbd7 7.a3 Ne4 8.Nxe4 dxe4 
9.Nd2 Nf6 10.Qc2 Qd5 11.a4 Rb8 12.axb5 axb5 13.b4 g6 14.h3 h5 15.g3 Bf5 
16.Bg2 g5 17.Bb2 Bg7 18.Ra6 O-O 19.O-O Ra8 20.Rfa1 Rxa6 21.Rxa6 Rd8 22.Bc3
Qe6 23.Kh2 Bg6 24.Nb3 Nd5 25.Na5 Rc8 26.Bf1 h4 27.g4 Qd7 28.Kg1 e5 29.dxe5
Bxe5 30.Bxb5 Nxc3 31.Bxc6 Qd3 32.Qb3 Qxa6 33.Bb7 Qe2 34.Bxc8 Nd1 0-1

[Event "21st Panam-ch"]
[Site "Mar del Plata ARG"]
[Date "2012.10.18"]
[Round "8.26"]
[White "Gascon Del Nogal, Jose Rafael"]
[Black "Gemy, Jose Daniel"]
[Result "0-1"]
[WhiteElo "2206"]
[BlackElo "2333"]
[EventDate "2012.10.12"]
[PlyCount "84"]

1.e4 e6 2.d4 d5 3.Nc3 dxe4 4.Nxe4 Bd7 5.Nf3 Bc6 6.Bd3 Nd7 7.O-O Be7 8.c4 
Ngf6 9.Ng3 Bxf3 10.Qxf3 c6 11.b3 O-O 12.Bb2 Qa5 13.a3 Rad8 14.Rfe1 Rfe8 
15.b4 Qc7 16.Bc3 Bd6 17.Re2 Bf4 18.Rae1 Bh6 19.Ne4 Nxe4 20.Rxe4 Nf8 21.h4 
g6 22.d5 Bg7 23.Bxg7 Kxg7 24.dxc6 Qxc6 25.Qe3 Qd6 26.Bf1 a6 27.c5 Qd2 28.
c6 bxc6 29.Bxa6 f5 30.Rc4 Qxe3 31.Rxe3 Rd1+ 32.Kh2 Rd2 33.f3 g5 34.hxg5 
Ng6 35.Rxc6 Nf4 36.Bf1 Kg6 37.b5 Kxg5 38.Rec3 Nd5 39.Rc2 Ne3 40.Rc1 Kf6 
41.Kh3 Rg8 42.g3 Rg6 0-1

[Event "21st Panam-ch"]
[Site "Mar del Plata ARG"]
[Date "2012.10.18"]
[Round "8.27"]
[White "Caceres Recalde, Fernando"]
[Black "Leiva, Giuseppe"]
[Result "0-1"]
[WhiteElo "2159"]
[BlackElo "2321"]
[EventDate "2012.10.12"]
[PlyCount "122"]

1.e4 c5 2.Nf3 d6 3.d4 cxd4 4.Nxd4 Nf6 5.Nc3 a6 6.h3 e5 7.Nb3 Be6 8.Be3 Be7
9.f4 exf4 10.Bxf4 Nc6 11.Qe2 Ne5 12.O-O-O Qc7 13.g4 h6 14.Kb1 Rc8 15.Nd5 
Nxd5 16.exd5 Bd7 17.Qg2 Bf6 18.c3 g6 19.Nd2 Bg7 20.Nf3 Qb6 21.Re1 O-O 22.
Nxe5 dxe5 23.Be3 Qa5 24.Qd2 e4 25.Bxh6 Bxh6 26.Qxh6 Qxd5 27.Qe3 Rfe8 28.
Be2 Be6 29.c4 Qc5 30.Qc3 Bxc4 31.Rc1 Bd3+ 32.Bxd3 Qxc3 33.bxc3 exd3 34.Rh2
Re3 35.h4 Rc4 36.g5 Rg3 37.Kb2 Re4 38.Rd1 b5 39.Rhd2 Rxh4 40.Rxd3 Rh2+ 41.
Kb3 Rxg5 42.a3 Rgg2 43.Kb4 Ra2 44.Rf3 Rhf2 45.Rdd3 Rxf3 46.Rxf3 Kg7 47.Rd3
g5 48.Rd5 f6 49.Rd7+ Kg6 50.Ra7 Rb2+ 51.Kc5 Rb3 52.Rxa6 Rxc3+ 53.Kxb5 g4 
54.Ra8 Rc7 55.Re8 f5 56.a4 g3 57.Kb6 Rf7 58.a5 g2 59.Re1 f4 60.a6 f3 61.
Rg1 Kg5 0-1

[Event "21st Panam-ch"]
[Site "Mar del Plata ARG"]
[Date "2012.10.18"]
[Round "8.28"]
[White "Paveto, Kevin"]
[Black "Palmiotto, Marco Ivan"]
[Result "1-0"]
[WhiteElo "2282"]
[BlackElo "1985"]
[EventDate "2012.10.12"]
[PlyCount "135"]

1.e4 e5 2.Bc4 Nc6 3.Nc3 Nf6 4.d3 h6 5.f4 Bb4 6.Nf3 d5 7.exd5 Nxd5 8.O-O 
Nxc3 9.bxc3 Bxc3 10.Rb1 O-O 11.Ba3 Re8 12.Nxe5 Nxe5 13.fxe5 Be6 14.Bxe6 
Rxe6 15.Qf3 Rxe5 16.Qxf7+ Kh8 17.Rxb7 Bd4+ 18.Kh1 Bb6 19.Bb2 Rg5 20.Qe6 
Kh7 21.Qe4+ Kh8 22.c4 Qe8 23.Qf3 Rd8 24.d4 Rb8 25.Rxb8 Qxb8 26.Qe4 c5 27.
d5 Bc7 28.h4 Rg3 29.Rf7 Bd6 30.Bc1 Qc8 31.Rf5 Qd7 32.h5 Qa4 33.Qe2 Rc3 34.
Bf4 Qd7 35.Qe4 Kg8 36.Bxd6 Rc1+ 37.Kh2 Qxd6+ 38.g3 Qd7 39.Re5 Rf1 40.Re8+ 
Rf8 41.Rxf8+ Kxf8 42.Qe3 Kg8 43.Qxc5 Qf5 44.Qe3 Qc2+ 45.Kh3 Qxc4 46.d6 
Qf1+ 47.Kh2 Qf5 48.Qe2 Kf8 49.a4 a5 50.Kg1 Qd7 51.Qf3+ Kg8 52.Qd5+ Kf8 53.
Kg2 Qd8 54.Qf5+ Ke8 55.Qe6+ Kf8 56.d7 Qa8+ 57.Kf2 Qd8 58.Kf3 Qa8+ 59.Ke3 
Qd8 60.Kf4 Qc7+ 61.Kg4 Qd8 62.Kf5 Qg5+ 63.Ke4 Qd8 64.Kd5 Qg5+ 65.Kc6 Qc1+ 
66.Kb7 Qb1+ 67.Kc7 Qc1+ 68.Qc6 1-0

[Event "21st Panam-ch"]
[Site "Mar del Plata ARG"]
[Date "2012.10.18"]
[Round "8.30"]
[White "Mahia, Gustavo"]
[Black "Caceres Vasquez, Sergio"]
[Result "1-0"]
[WhiteElo "2409"]
[BlackElo "2213"]
[EventDate "2012.10.12"]
[PlyCount "75"]

1.d4 d5 2.Bg5 c6 3.Nf3 h6 4.Bh4 Qb6 5.e3 Qxb2 6.Nbd2 e6 7.Bd3 Be7 8.Bg3 
Qb6 9.Ne5 Nf6 10.O-O O-O 11.c4 c5 12.cxd5 exd5 13.Rb1 Qd8 14.dxc5 Bxc5 15.
Rc1 b6 16.Bh4 Bd6 17.Rxc8 Qxc8 18.Bxf6 gxf6 19.Qh5 Kg7 20.Ng4 Rh8 21.Nf3 
Nc6 22.Nh4 Ne7 23.Rd1 Qc5 24.Bf5 b5 25.g3 b4 26.Kg2 a5 27.Rd4 a4 28.Bb1 
Qc8 29.Bf5 Qe8 30.Bb1 b3 31.Rxd5 bxa2 32.Bxa2 Rd8 33.Rf5 Ng8 34.Rxf6 Nxf6 
35.Nf5+ Kf8 36.Nxf6 Qc6+ 37.Bd5 Qc7 38.Qg4 1-0

[Event "21st Panam-ch"]
[Site "Mar del Plata ARG"]
[Date "2012.10.18"]
[Round "8.33"]
[White "Miranda Junior, Roberto Calheiros"]
[Black "Lujan, Carolina"]
[Result "0-1"]
[WhiteElo "2200"]
[BlackElo "2379"]
[EventDate "2012.10.12"]
[PlyCount "122"]

1.e4 c5 2.Nf3 e6 3.d4 cxd4 4.Nxd4 a6 5.Bd3 Bc5 6.Nb3 Be7 7.Qg4 g6 8.Qe2 d6
9.Be3 Nd7 10.N1d2 Qc7 11.O-O-O b5 12.f4 Bb7 13.Rhf1 Ngf6 14.g4 Nc5 15.g5 
Nfd7 16.Kb1 Na4 17.Bd4 e5 18.Be3 Rc8 19.h4 Ndc5 20.Nxc5 Nxc5 21.h5 Na4 22.
Qf3 d5 23.Nb3 dxe4 24.Bxe4 Qc4 25.Nc5 Bxe4 26.Qxe4 Rxc5 27.Qg2 Rc8 28.hxg6
hxg6 29.fxe5 Rh4 30.e6 Qxe6 31.Bd4 Re4 32.Rh1 Bd6 33.Bf6 Nc5 34.Rhf1 Kd7 
35.Rh1 Re8 36.a3 Kc7 37.Qd2 Nb7 38.Qd3 Kb8 39.Rhf1 Qc4 40.Qh3 Re2 41.Bc3 
Be5 42.Rf3 Bxc3 43.Rxc3 Qe6 44.Qg3+ Qe5 45.Qf3 Re1 46.Rxe1 Qxe1+ 47.Ka2 
Qe6+ 48.b3 Rc8 49.Qf4+ Ka8 50.Rc7 Rxc7 51.Qxc7 Ka7 52.Qc3 Qf5 53.Qe3+ Qc5 
54.Qd2 Nd6 55.Qd3 Kb6 56.Kb1 Kc7 57.a4 bxa4 58.Qxa6 a3 59.c4 Ne4 60.Qa8 
Qg1+ 61.Kc2 Qg2+ 0-1